[Event "13th European Individual Championship"]
[Site "Plovdiv BUL"]
[Date "2012.03.21"]
[EventDate "2012.03.20"]
[Round "2.114"]
[Result "1-0"]
[White "Aleksander Mista"]
[Black "Veronika Schneider"]
[WhiteElo "2587"]
[BlackElo "2312"]
[PlyCount "73"]

1. e4 c5 2. Nf3 e6 3. d4 cxd4 4. Nxd4 a6 5. Be2 Nf6 6. Nc3 Bb4
7. Qd3 d6 8. O-O O-O 9. Bd2 Nbd7 10. Nb3 Ne5 11. Qe3 b5 12. a3
Bxc3 13. Bxc3 Bb7 14. f3 Rc8 15. Rfd1 Qc7 16. Bb4 Ne8 17. Na5
Ba8 18. Rac1 f5 19. exf5 Rxf5 20. c4 Qf7 21. cxb5 Rxc1
22. Rxc1 axb5 23. Rc8 Bd5 24. Bxd6 Qd7 25. Rxe8+ Qxe8 26. Bxe5
Qc8 27. Bc3 Qd7 28. Bd3 Rf8 29. Qd4 Rf7 30. Qh4 h6 31. Qd4 Kh8
32. Bc2 Ba8 33. Nb3 Bc6 34. Qg4 Qd5 35. Qg6 Kg8 36. Qh7+ Kf8
37. Bb4+ 1-0

[Event "13th European Individual Championship"]
[Site "Plovdiv BUL"]
[Date "2012.03.24"]
[EventDate "2012.03.20"]
[Round "5.87"]
[Result "1/2-1/2"]
[White "Ivajlo Enchev"]
[Black "Aleksander Mista"]
[WhiteElo "2432"]
[BlackElo "2587"]
[PlyCount "119"]

1. d4 Nf6 2. c4 g6 3. Nc3 d5 4. cxd5 Nxd5 5. Bd2 Bg7 6. e4 Nb6
7. Be3 O-O 8. h3 e5 9. Nf3 exd4 10. Bxd4 Bxd4 11. Qxd4 Qe7
12. Be2 Nc6 13. Qe3 Be6 14. O-O Rad8 15. b3 f6 16. Rac1 Bf7
17. Rfe1 a6 18. Bf1 Rfe8 19. Nh2 Ne5 20. f4 Ned7 21. Nf3 c5
22. e5 fxe5 23. fxe5 Kg7 24. Ne4 Nd5 25. Qf2 Nxe5 26. Nxe5
Qxe5 27. Nxc5 Qg5 28. h4 Qg4 29. Rc4 Qf5 30. Rxe8 Rxe8
31. Nxb7 Qe5 32. Qd4 Ne3 33. Qxe5+ Rxe5 34. Rc7 Rd5 35. Be2
Rd2 36. Bf3 h5 37. Nc5 Rxa2 38. Ne4 Kf8 39. Rc8+ Ke7 40. Rc7+
Kf8 41. Ng5 Bxb3 42. Nh7+ Ke8 43. Nf6+ Kd8 44. Rd7+ Kc8
45. Rd3 Ra1+ 46. Kf2 Nd1+ 47. Kg3 Ba4 48. Nd5 Nb2 49. Ne7+ Kc7
50. Rc3+ Kd6 51. Nxg6 Bd1 52. Rc6+ Kd7 53. Ne5+ Ke7 54. Rh6
Bxf3 55. gxf3 a5 56. Rxh5 a4 57. Ng4 a3 58. Ra5 a2 59. Kh2 Ke6
60. h5 1/2-1/2

[Event "13th European Individual Championship"]
[Site "Plovdiv BUL"]
[Date "2012.03.27"]
[EventDate "2012.03.20"]
[Round "7.73"]
[Result "1/2-1/2"]
[White "Tamas Petenyi"]
[Black "Aleksander Mista"]
[WhiteElo "2359"]
[BlackElo "2587"]
[PlyCount "91"]

1. e4 c5 2. Nf3 d6 3. d4 cxd4 4. Nxd4 Nf6 5. Nc3 e6 6. g4 h6
7. h3 Nc6 8. Be3 Bd7 9. Qd2 Nxd4 10. Qxd4 Bc6 11. O-O-O Qa5
12. Kb1 a6 13. f3 Nd7 14. Qd2 b5 15. Qg2 b4 16. Ne2 d5 17. Nd4
Bb7 18. g5 hxg5 19. Qxg5 Be7 20. Qxg7 Bf6 21. Qg3 dxe4 22. Bc4
O-O-O 23. fxe4 Nc5 24. Nb3 Nxb3 25. axb3 Bxe4 26. Rhf1 Rxd1+
27. Rxd1 Bb7 28. Qf2 Qh5 29. Rf1 Qf5 30. Qxf5 exf5 31. Bd3 Be5
32. Bxf5+ Kc7 33. Bg4 f6 34. Bf4 Bc8 35. Bxc8 Kxc8 36. Bxe5
fxe5 37. Rf5 Rxh3 38. Rxe5 Rh1+ 39. Ka2 Rh2 40. c3 bxc3
41. Rc5+ Kb7 42. Rxc3 Kb6 43. Ka3 a5 44. Rg3 Rh1 45. Ka2 Kb5
46. Rg5+ 1/2-1/2

[Event "13th European Individual Championship"]
[Site "Plovdiv BUL"]
[Date "2012.03.28"]
[EventDate "2012.03.20"]
[Round "8.68"]
[Result "1/2-1/2"]
[White "Aleksander Mista"]
[Black "Andrei-Nestor Cioara"]
[WhiteElo "2587"]
[BlackElo "2477"]
[PlyCount "119"]

1. e4 e6 2. Nf3 d5 3. Nc3 Nf6 4. e5 Nfd7 5. d4 c5 6. dxc5 Bxc5
7. Bd3 Nc6 8. Qe2 f6 9. exf6 Nxf6 10. Bg5 O-O 11. O-O-O Bd7
12. Kb1 Rc8 13. Bb5 Bb4 14. Rd3 Qb6 15. Bxc6 Rxc6 16. Bxf6
gxf6 17. Na4 Qc7 18. Nd4 Ra6 19. Qg4+ Kf7 20. Nxe6 Rxa4
21. Rh3 Ke7 22. Re3 Bxe6 23. Qxe6+ Kd8 24. Rd1 Ra5 25. a3 Bd6
26. b4 Ra6 27. c4 Qf7 28. Qh3 dxc4 29. Re6 Kc7 30. Qe3 Qg6+
31. Kb2 Rd8 32. Rexd6 Raxd6 33. Qc5+ Kb8 34. Rxd6 Rc8 35. Qd5
c3+ 36. Kc1 Qh6+ 37. Kc2 Qg6+ 38. Kc1 c2 39. Rd8 Qh6+ 40. Qd2
Qxh2 41. Qd6+ Qxd6 42. Rxd6 Rc3 43. Rxf6 Rxa3 44. Kxc2 a5
45. bxa5 Rxa5 46. Kd3 Rg5 47. g3 h5 48. Re6 Kc7 49. Re3 Kd6
50. f4 Rg4 51. Ke4 h4 52. gxh4 Rxh4 53. Rb3 Kc6 54. Ke5 b5
55. f5 Kc5 56. Rf3 b4 57. f6 Rh8 58. f7 Rf8 59. Ke6 Kc4
60. Ke7 1/2-1/2

[Event "13th European Individual Championship"]
[Site "Plovdiv BUL"]
[Date "2012.03.29"]
[EventDate "2012.03.20"]
[Round "9.64"]
[Result "0-1"]
[White "Vugar Rasulov"]
[Black "Aleksander Mista"]
[WhiteElo "2526"]
[BlackElo "2587"]
[PlyCount "103"]

1. e4 c5 2. Nf3 Nc6 3. d4 cxd4 4. Nxd4 Nf6 5. Nc3 e5 6. Ndb5
d6 7. Bg5 a6 8. Na3 b5 9. Nd5 Be7 10. Bxf6 Bxf6 11. c4 b4
12. Nc2 O-O 13. g3 Bg5 14. h4 Bh6 15. Bh3 Qa5 16. b3 Be6
17. Kf1 Qc5 18. Kg2 a5 19. Qd3 a4 20. Bf5 Ra7 21. Rhb1 g6
22. Nf6+ Kh8 23. Bh3 Bg7 24. Nd5 f5 25. Qd2 Bxd5 26. exd5 Nd4
27. Nxd4 exd4 28. Re1 d3 29. Rac1 axb3 30. axb3 f4 31. Rf1 Qd4
32. Rcd1 fxg3 33. fxg3 Rxf1 34. Rxf1 h5 35. Be6 Qe4+ 36. Kh3
Ra3 37. Qg5 Ra8 38. Qd2 Ra3 39. Qg5 Ra8 40. Qd2 Rf8 41. Re1
Qd4 42. Bd7 Kh7 43. Re3 Qa1 44. Re1 Qc3 45. Rd1 Rf3 46. Kg2
Bh6 47. Qe1 d2 48. Qe7+ Bg7 49. Qg5 Re3 50. Qf4 Qd3 51. Kh3
Qe2 52. Be8 0-1

[Event "9th Plancoet Open"]
[Site "Plancoet FRA"]
[Date "2012.07.30"]
[EventDate "2012.07.29"]
[Round "3.2"]
[Result "1/2-1/2"]
[White "Tervel Serafimov"]
[Black "Aleksander Mista"]
[WhiteElo "2425"]
[BlackElo "2541"]
[PlyCount "102"]

1. g3 Nf6 2. Bg2 e5 3. c4 d5 4. cxd5 Nxd5 5. Nc3 Nb6 6. Nf3
Nc6 7. Rb1 f6 8. O-O Be6 9. d3 Be7 10. a3 O-O 11. b4 a5 12. b5
Nd4 13. Nd2 Qc8 14. e3 Nf5 15. Qc2 a4 16. Nce4 Rd8 17. Bb2 Qd7
18. Rfc1 Qxb5 19. Qxc7 Nd5 20. Qc2 Rac8 21. Nc4 Qa6 22. Qd2 b5
23. Qa5 Nc7 24. Qxa6 Nxa6 25. Na5 Kf8 26. Rc6 Rxc6 27. Nxc6
Rc8 28. Nc3 Nd6 29. Ba1 Bb3 30. d4 e4 31. d5 f5 32. Bf1 Nc7
33. Nd4 Nxd5 34. Ncxb5 Nxb5 35. Bxb5 Bxa3 36. Nxb3 axb3
37. Ba4 b2 38. Bxb2 Bxb2 39. Rxb2 Rc4 40. Bd7 g6 41. Be6 Rc1+
42. Kg2 Nc7 43. Ba2 Ke7 44. Bg8 Kf6 45. Rb6+ Kg7 46. Be6 Rc5
47. g4 fxg4 48. Bxg4 Rg5 49. Rb7 Rxg4+ 50. Kh3 h5 51. Rxc7+
Kf6 1/2-1/2

[Event "XXVIII Voivoda Cup"]
[Site "Legnica POL"]
[Date "2012.11.27"]
[EventDate "2012.11.22"]
[Round "8.4"]
[Result "1/2-1/2"]
[White "Aleksander Mista"]
[Black "Alexandre Sulypa"]
[WhiteElo "2562"]
[BlackElo "2510"]
[PlyCount "97"]

1. c4 e6 2. g3 d5 3. Bg2 dxc4 4. Na3 c5 5. Nxc4 Be7 6. Nf3 Nc6
7. O-O Nf6 8. b3 O-O 9. Bb2 Qc7 10. Rc1 b6 11. d4 Rd8 12. Qe1
Bb7 13. dxc5 bxc5 14. Nfe5 Nb4 15. Bxb7 Qxb7 16. a3 Nc6
17. Nxc6 Qxc6 18. Qc3 Qe4 19. Ne3 Ne8 20. Rfd1 Bf6 21. Qc4 Bd4
22. Qa4 Nf6 23. Rc4 e5 24. Qa5 h5 25. Rxc5 Ng4 26. Bxd4 Nxe3
27. fxe3 exd4 28. Re5 Qg4 29. exd4 Rxd4 30. Rxd4 Qxd4+ 31. Kg2
Rd8 32. Rxh5 Qe4+ 33. Kh3 Qe6+ 34. Qf5 Qxe2 35. Rh4 Qd3
36. Qxd3 Rxd3 37. Rb4 a5 38. Rb8+ Kh7 39. a4 f5 40. Rb5 Kg6
41. Kg2 Kg5 42. Kf2 Kg4 43. b4 Rd2+ 44. Ke3 Rxh2 45. bxa5 g5
46. a6 Rh7 47. Rb7 Rh6 48. a7 Ra6 49. Kf2 1/2-1/2

[Event "TCh-CZE Extraliga 2012-13"]
[Site "Czech Republic CZE"]
[Date "2012.12.01"]
[EventDate "2012.11.03"]
[Round "3.1"]
[Result "0-1"]
[White "Petr Zvara"]
[Black "Aleksander Mista"]
[WhiteElo "2419"]
[BlackElo "2562"]
[PlyCount "70"]

1. e4 c5 2. Nf3 Nc6 3. d4 cxd4 4. Nxd4 Nf6 5. Nc3 e5 6. Ndb5
d6 7. Bg5 a6 8. Na3 b5 9. Bxf6 gxf6 10. Nd5 Bg7 11. c3 Ne7
12. Nxe7 Qxe7 13. Nc2 Qb7 14. Bd3 f5 15. f3 f4 16. O-O Be6
17. Qe2 O-O 18. Rfd1 Bf6 19. Nb4 Bd8 20. Bc2 Bb6+ 21. Kh1 Qe7
22. Nd5 Bxd5 23. Rxd5 Kh8 24. Rad1 Bc7 25. b4 Rg8 26. a4 bxa4
27. Bxa4 Rg6 28. c4 Bb6 29. c5 dxc5 30. Qb2 Rag8 31. R1d2 Qh4
32. Qxe5+ f6 33. Qa1 cxb4 34. Bd7 Rxg2 35. Rxg2 Rxg2 0-1

[Event "TCh-CZE Extraliga 2012-13"]
[Site "Czech Republic CZE"]
[Date "2012.12.02"]
[EventDate "2012.11.03"]
[Round "4.1"]
[Result "1/2-1/2"]
[White "Aleksander Mista"]
[Black "David Navara"]
[WhiteElo "2562"]
[BlackElo "2710"]
[PlyCount "118"]

1. c4 e5 2. g3 Nf6 3. Bg2 Bc5 4. Nc3 Nc6 5. e3 a6 6. Nge2 d6
7. d4 Ba7 8. h3 O-O 9. O-O Re8 10. d5 Ne7 11. e4 c6 12. Kh2 b5
13. cxb5 axb5 14. dxc6 b4 15. Nd5 Nxc6 16. Bg5 Ng4+ 17. hxg4
Qxg5 18. Qc1 Qxc1 19. Raxc1 Bxg4 20. f3 Bd7 21. Bh3 Bxh3
22. Kxh3 Nd4 23. Nxd4 Bxd4 24. Nc7 Kf8 25. Nxa8 Rxa8 26. f4
Bxb2 27. Rc2 Bc3 28. f5 Ke7 29. Kg4 d5 30. exd5 Kd6 31. Rh2
Ra4 32. Kf3 Kxd5 33. Rd1+ Bd4 34. Rxh7 Ra3+ 35. Kg4 Rxa2
36. Rxg7 Ra7 37. Rg8 Rb7 38. Rd8+ Ke4 39. Re1+ Kd3 40. Rxe5 b3
41. Re1 Rb4 42. Rd1+ Ke3 43. Re8+ Be5+ 44. Kh5 f6 45. Rxe5+
fxe5 46. f6 Rb7 47. g4 b2 48. g5 b1=Q 49. Rxb1 Rxb1 50. f7
Rh1+ 51. Kg4 Rg1+ 52. Kf5 Rf1+ 53. Ke6 Rxf7 54. Kxf7 e4 55. g6
Kf2 56. g7 e3 57. g8=Q e2 58. Qe8 e1=Q 59. Qxe1+ Kxe1 1/2-1/2

[Event "Bundesliga 2014/15"]
[Site "Dresden GER"]
[Date "2014.12.06"]
[EventDate "2014.10.18"]
[Round "5.9"]
[Result "1-0"]
[White "Markus Ragger"]
[Black "Aleksander Mista"]
[WhiteElo "2658"]
[BlackElo "2616"]
[PlyCount "78"]

1. e4 e5 2. Nf3 Nc6 3. Bb5 a6 4. Ba4 Nf6 5. O-O Be7 6. d3 b5
7. Bb3 d6 8. a3 O-O 9. Nc3 Na5 10. Ba2 Be6 11. Bxe6 fxe6
12. b4 Nc6 13. Bd2 Nd4 14. Nxd4 exd4 15. Ne2 c5 16. a4 Qd7
17. Qb1 Kh8 18. Qa2 Rac8 19. axb5 axb5 20. Rfb1 d5 21. exd5
Nxd5 22. bxc5 Bxc5 23. Ng3 Nc3 24. Bxc3 dxc3 25. Rf1 b4
26. Ne4 Be7 27. Rfb1 Qd5 28. Kf1 Ra8 29. Qc4 h6 30. Qc7 Qd8
31. Ra7 Qxc7 32. Rxc7 Rfe8 33. Ke2 Ra2 34. Kd1 Bf8 35. Nc5 Ra5
36. Nb3 Rg5 37. g3 Rh5 38. h4 g5 39. Rc4 Be7 1-0

[Event "Hastings Chess Congress"]
[Site "Hastings ENG"]
[Date "2014.12.29"]
[EventDate "2014.12.29"]
[Round "1.3"]
[Result "1-0"]
[White "Aleksander Mista"]
[Black "Peter Constantinou"]
[WhiteElo "2614"]
[BlackElo "2276"]
[PlyCount "69"]

1. e4 g6 2. d4 Bg7 3. Nc3 c6 4. Nf3 d5 5. h3 dxe4 6. Nxe4 Nd7
7. Bc4 Ngf6 8. Nxf6+ Nxf6 9. O-O O-O 10. Re1 Bf5 11. Bg5 Qd6
12. c3 b5 13. Bb3 a5 14. a3 a4 15. Ba2 Ra7 16. Rc1 Nd5 17. c4
bxc4 18. Rxc4 Rb8 19. Rxa4 Rab7 20. Bc1 Nf4 21. Ng5 e5 22. g4
Be6 23. Nxe6 Nxe6 24. Bxe6 Qxe6 25. dxe5 Rb3 26. Kg2 c5
27. Rae4 c4 28. Qd6 c3 29. bxc3 Rc8 30. c4 Bf8 31. Qxe6 fxe6
32. R1e3 Rxe3 33. Bxe3 Ra8 34. c5 Rxa3 35. Rc4 1-0

[Event "Hastings Chess Congress"]
[Site "Hastings ENG"]
[Date "2014.12.30"]
[EventDate "2014.12.29"]
[Round "2.3"]
[Result "1-0"]
[White "Benjamin Gledura"]
[Black "Aleksander Mista"]
[WhiteElo "2450"]
[BlackElo "2614"]
[PlyCount "81"]

1. d4 Nf6 2. c4 e6 3. Nf3 Bb4+ 4. Nbd2 O-O 5. a3 Be7 6. e4 d6
7. Bd3 Nbd7 8. O-O e5 9. b4 exd4 10. Nxd4 Re8 11. Bb2 Bf8
12. f4 c5 13. N4f3 g6 14. Kh1 Bg7 15. Qc2 b6 16. Rae1 Bb7
17. Qb1 Re7 18. b5 Qf8 19. e5 dxe5 20. fxe5 Ng4 21. e6 Rxe6
22. Rxe6 fxe6 23. Be4 Qb8 24. Bxg7 Kxg7 25. Bxb7 Qxb7 26. Ng5
Ndf6 27. Nxe6+ Kg8 28. Qa1 Qd7 29. Rxf6 Nxf6 30. Qxf6 Re8
31. Ng5 Rf8 32. Nge4 Qg4 33. Qa1 Qe2 34. h3 Rf5 35. Qc3 h5
36. Qg3 Kg7 37. Kh2 Kh6 38. Qb8 Rf7 39. Qh8+ Rh7 40. Qf8+ Rg7
41. Qf4+ 1-0

[Event "Hastings Chess Congress"]
[Site "Hastings ENG"]
[Date "2015.01.01"]
[EventDate "2014.12.29"]
[Round "4.8"]
[Result "0-1"]
[White "Petr Marusenko"]
[Black "Aleksander Mista"]
[WhiteElo "2194"]
[BlackElo "2614"]
[PlyCount "80"]

1. d4 Nf6 2. c4 g6 3. g3 Bg7 4. Bg2 O-O 5. Nc3 d6 6. Nf3 Nc6
7. O-O Bf5 8. Ne1 Qc8 9. e4 Bh3 10. Nc2 Re8 11. f3 Bxg2
12. Kxg2 a6 13. Be3 b6 14. Rc1 Qb7 15. Qe2 e6 16. Rfd1 Nd7
17. h4 Ne7 18. h5 d5 19. hxg6 hxg6 20. Rh1 c5 21. cxd5 exd5
22. Qd2 dxe4 23. Nxe4 Nf5 24. d5 Nf6 25. Nc3 Rad8 26. Rcd1 Rd7
27. Bg5 Nxd5 28. Nxd5 Nd4 29. Rde1 Rxe1 30. Qxe1 Qxd5 31. Qe8+
Bf8 32. Nxd4 Qxd4 33. Re1 Rd5 34. f4 Qxb2+ 35. Kh3 Rd2 36. Be7
Rh2+ 37. Kg4 f5+ 38. Kg5 Rh5+ 39. Kxg6 Qg7+ 40. Kxh5 Qh6# 0-1

[Event "Hastings Chess Congress"]
[Site "Hastings ENG"]
[Date "2015.01.02"]
[EventDate "2014.12.29"]
[Round "5.4"]
[Result "1-0"]
[White "Aleksander Mista"]
[Black "Adam G Ashton"]
[WhiteElo "2614"]
[BlackElo "2398"]
[PlyCount "59"]

1. e4 e5 2. Nf3 Nc6 3. Bb5 a6 4. Ba4 Nf6 5. d3 b5 6. Bb3 Be7
7. O-O d6 8. a4 Bb7 9. Nc3 b4 10. Nd5 Nxd5 11. Bxd5 Na5
12. Bxb7 Nxb7 13. d4 Bf6 14. dxe5 dxe5 15. Qe2 Qd6 16. Rd1 Qe6
17. Be3 O-O 18. Rd5 c6 19. Rd2 Rfc8 20. Rad1 c5 21. Rd7 Na5
22. R7d5 Nb7 23. Bg5 Re8 24. h3 h6 25. Bxf6 Qxf6 26. Nd2 Qc6
27. Nc4 f6 28. Rd7 Rad8 29. Qg4 g5 30. Qf5 1-0

[Event "Hastings Chess Congress 2015/16"]
[Site "Hastings ENG"]
[Date "2015.12.30"]
[EventDate "2015.12.28"]
[Round "3.1"]
[Result "1-0"]
[White "Aleksander Mista"]
[Black "Tamas Fodor Jr"]
[WhiteElo "2567"]
[BlackElo "2492"]
[PlyCount "113"]

1. e4 e6 2. d4 d5 3. Nd2 Be7 4. Ngf3 Nf6 5. Bd3 c5 6. exd5
Qxd5 7. dxc5 Qxc5 8. O-O Nbd7 9. Nb3 Qc7 10. Bg5 b6 11. a4 a6
12. Bh4 Bd6 13. Bg3 Bxg3 14. hxg3 Bb7 15. Re1 O-O 16. Qe2 Rfd8
17. c3 e5 18. Ng5 Re8 19. Ne4 Nxe4 20. Bxe4 Bxe4 21. Qxe4 Nf6
22. Qe3 a5 23. Red1 Re6 24. Nd2 e4 25. Nf1 h5 26. Qf4 Qxf4
27. gxf4 Ng4 28. Ne3 Nxe3 29. fxe3 Rc8 30. Rd5 g6 31. Rad1 Kg7
32. R1d4 Kf6 33. Rd6 Re8 34. Rxe4 Rxd6 35. Rxe8 Rd2 36. b4
axb4 37. cxb4 Ra2 38. Rb8 Rxa4 39. Rxb6+ Kf5 40. Rb5+ Ke6
41. Kf2 Ra2+ 42. Kf3 h4 43. Rb6+ Ke7 44. b5 Rb2 45. Rb7+ Ke6
46. e4 Rb3+ 47. Kg4 Rg3+ 48. Kxh4 Rxg2 49. Rb6+ Ke7 50. Rc6 f5
51. exf5 gxf5 52. Kh5 Rg4 53. Rc4 Rg8 54. b6 Kf6 55. Rc6+ Kf7
56. b7 Rb8 57. Rb6 1-0

[Event "Hastings Chess Congress 2015/16"]
[Site "Hastings ENG"]
[Date "2016.01.01"]
[EventDate "2015.12.28"]
[Round "5.1"]
[Result "0-1"]
[White "Aleksander Mista"]
[Black "Jahongir Vakhidov"]
[WhiteElo "2567"]
[BlackElo "2546"]
[PlyCount "122"]

1. e4 c5 2. Nf3 Nc6 3. d4 cxd4 4. Nxd4 g6 5. c4 Bg7 6. Be3 Nf6
7. Nc3 O-O 8. Be2 d6 9. O-O Bd7 10. f3 Nxd4 11. Bxd4 a5 12. c5
dxc5 13. Bxc5 Rc8 14. Be3 Bc6 15. Qb3 Qd6 16. Rfd1 Qb4 17. e5
Ne8 18. f4 Nc7 19. Bc4 e6 20. Qxb4 axb4 21. Ne2 Nd5 22. Bc5
Rfd8 23. b3 Bb5 24. Bxb5 Rxc5 25. Bc4 f6 26. Bxd5 exd5
27. exf6 Bxf6 28. Rac1 b6 29. Rd2 Kf7 30. Rcd1 Bc3 31. Rd3 Bf6
32. Kf2 Ke6 33. R1d2 Kd6 34. Nd4 Re8 35. Nc2 Bc3 36. Re2 Rxe2+
37. Kxe2 Rc7 38. Rf3 Bb2 39. Kd2 Kc5 40. f5 Ra7 41. fxg6 hxg6
42. Rg3 Rxa2 43. Rxg6 Bc3+ 44. Kc1 Rb2 45. Ne1 Rxb3 46. Nd3+
Kc4 47. Kc2 Ra3 48. Rc6+ Kb5 49. Rd6 Bd4 50. Rxd5+ Kc4
51. Nxb4 Bc5 52. Rg5 Kxb4 53. Rg4+ Kb5 54. Rg8 Kc4 55. h4 b5
56. h5 b4 57. Rc8 Ra2+ 58. Kb1 Rxg2 59. h6 Rh2 60. Rc6 b3
61. Kc1 b2+ 0-1